000 00413pam a2200157a 44500
008 230515b0 xxu||||| |||| 00| 0 eng d
020 _a9.78007E+12
041 _a
082 _a658.562/GRY/CHU
100 _a"GRYNA FRANK M.
245 _aJURANS QUALITY PLANNING & ANALYSIS FOR ENTERPRISES QUALITY
250 _a DEFEO JOSEPH A. "
260 _a642.95
_b CHUA RICHARD C. H.
_c0
300 _a2013
650 _a23
999 _c663847
_d663847